000 00606cam a22002411 4500
001 sa 64008772
003 DLC
005 20260227112056.0
008 940602s1962 ii b 000 0 beno
010 _asa 64008772
025 _aPL480:EP-B-370
035 _a(OCoLC)30538447
040 _aDLC
_cCU
_dCU
_dDLC
042 _apremarc
050 0 0 _aBP173.4
_b.T3
100 1 _aTāliba, Ābdula Mānnāna,
_d1936-
245 1 0 _aAbaruddha jībanera kathā.
260 _c[1962]
300 _a90, [1] p.
_c19 cm.
500 _aIn Bengali.
504 _aBibliography: p.[91]
650 0 _aWomen in Islam.
999 _c61029
_d61029